[Event "VIE Cup (Women)"]
[Site "Bac Giang"]
[Date "2018.06.03"]
[Round "7"]
[White "Ngo, Thi Kim Cuong"]
[Black "Than, Thi Ngoc Tuyet"]
[Result "1-0"]
[WhiteElo "1995"]
[BlackElo "1759"]
[PlyCount "91"]
[EventDate "2018.05.30"]
[EventType "swiss"]
[EventRounds "9"]
[EventCountry "VIE"]
[SourceTitle "CBM 184 Extra"]
[Source "ChessBase"]
[SourceDate "2018.06.28"]
[SourceVersion "1"]
[SourceVersionDate "2018.06.28"]
[SourceQuality "1"]

1. d4 d5 2. c4 dxc4 3. e3 b5 4. a4 Bd7 5. axb5 Bxb5 6. b3 e6 7. bxc4 Bc6 8. Nf3 Nf6 9. Bd3 Nbd7 10. 0-0 Nb6 11. Nbd2 Bb4 12. Ne5 Bb7 13. c5 Nbd5 14. Bb5+ Kf8 15. Bc6 Qc8 16. Ba3 a5 17. Bxb4 axb4 18. Qb3 Bxc6 19. Nxc6 Qb7 20. Rxa8+ Qxa8 21. Nxb4 Qb7 22. Rb1 Qxb4 23. Qxb4 Nxb4 24. Rxb4 Ke7 25. Kf1 Ra8 26. Rb2 Ra1+ 27. Ke2 Rh1 28. h3 Rg1 29. Kf3 Ra1 30. Nc4 Nd5 31. Rb7 Ra4 32. Nb2 Ra3 33. Nc4 Rc3 34. Nb6 Nxb6 35. cxb6 Kd7 36. Rxc7+ Rxc7 37. bxc7 Kxc7 38. Ke4 Kd6 39. Kd3 e5 40. Kc4 f5 41. f3 g5 42. d5 h6 43. e4 f4 44. Kb5 h5 45. Kb6 h4 46. Kb5 1-0

[Event "VIE Cup (Women)"]
[Site "Bac Giang"]
[Date "2018.05.31"]
[Round "2"]
[White "Than, Thi Ngoc Tuyet"]
[Black "Kieu, Bich Thuy"]
[Result "0-1"]
[WhiteElo "1759"]
[BlackElo "1886"]
[PlyCount "50"]
[EventDate "2018.05.30"]
[EventType "swiss"]
[EventRounds "9"]
[EventCountry "VIE"]
[SourceTitle "CBM 184 Extra"]
[Source "ChessBase"]
[SourceDate "2018.06.28"]
[SourceVersion "1"]
[SourceVersionDate "2018.06.28"]
[SourceQuality "1"]

1. e4 g6 2. d4 Bg7 3. e5 d6 4. exd6 cxd6 5. Nf3 Nf6 6. Bd3 0-0 7. 0-0 Nc6 8. h3 e5 9. dxe5 dxe5 10. Bb5 Qc7 11. Bxc6 bxc6 12. Re1 Nd5 13. c3 f5 14. Na3 Bd7 15. Nc4 e4 16. Nd4 Rae8 17. Nb3 f4 18. Nc5 Bf5 19. Nd2 e3 20. Ndb3 Bf6 21. c4 exf2+ 22. Kxf2 Bh4+ 23. Kf3 Rxe1 24. Qd4 Qe7 25. cxd5 Rf1+ 0-1

[Event "VIE-ch (Women)"]
[Site "Bac Giang"]
[Date "2016.06.22"]
[Round "1"]
[White "Than, Thi Ngoc Tuyet"]
[Black "Vo, Thi Thuy Tien"]
[Result "0-1"]
[WhiteElo "1859"]
[BlackElo "1869"]
[PlyCount "82"]
[EventDate "2016.06.22"]
[EventType "swiss"]
[EventRounds "9"]
[EventCountry "VIE"]
[SourceTitle "EXT 2017"]
[Source "ChessBase"]
[SourceDate "2016.10.25"]
[SourceVersion "1"]
[SourceVersionDate "2016.10.25"]
[SourceQuality "1"]

1. c4 g6 2. Nc3 Bg7 3. Nf3 d6 4. g3 Nf6 5. Bg2 0-0 6. d3 c6 7. 0-0 Re8 8. Re1 Qc7 9. Bd2 e5 10. Qb3 Na6 11. Qa3 h6 12. b4 e4 13. Nd4 Ng4 14. Nc2 exd3 15. exd3 Bf5 16. Be4 Bxe4 17. dxe4 Ne5 18. Ne3 Nf3+ 19. Kg2 Nxe1+ 20. Rxe1 Qe7 21. Nc2 Nc7 22. Qc1 Kh7 23. Rh1 Bxc3 24. Bxc3 Qxe4+ 25. Kg1 Rad8 26. h4 h5 27. Na3 d5 28. Bf6 Rd7 29. Bc3 d4 30. Bd2 Qf3 31. Nc2 Re2 32. Rh2 Qd3 33. f3 Rxh2 34. Kxh2 Qe2+ 35. Kg1 Ne6 36. f4 d3 37. Qe1 Qf3 38. Ne3 Nd4 39. Nf1 Re7 40. Qxe7 Ne2+ 41. Kh2 Qf2+ 0-1